Очерки истории естествознания и техники: республиканский межведомственный сборник научных трудов

Detalles Bibliográficos
Autor Corporativo: Академия наук Украинской ССР (АН УССР) Центр исследований научно-технического потенциала и истории науки
Idioma:ruso
Publicado: Киев, Наукова думка, 1962-1991
Formato: MixedMaterials Seriadas
KOHA link:https://koha.lib.tpu.ru/cgi-bin/koha/opac-detail.pl?biblionumber=250387

MARC

LEADER 00000nas1a2200000 4500
001 250387
005 20231031213133.0
011 |a 0320-0647 
035 |a (RuTPU)RU\TPU\book\272587 
035 |a RU\TPU\book\129659 
090 |a 250387 
100 |a 20140213b19621991km y0rusy50 ca 
101 0 |a rus 
102 |a UA 
110 |a zyuzz 0uu0 
200 1 |a Очерки истории естествознания и техники  |e республиканский межведомственный сборник научных трудов  |f АН УССР, Центр исследований научно-технического потенциала и истории науки 
210 |a Киев  |c Наукова думка  |d 1962-1991 
712 0 2 |a Академия наук Украинской ССР (АН УССР)  |b Центр исследований научно-технического потенциала и истории науки  |2 stltpush  |3 (RuTPU)RU\TPU\col\13067 
801 1 |a RU  |b 63413507  |c 20070801  |g PSBO 
801 2 |a RU  |b 63413507  |c 20231010  |g PSBO 
942 |c CR